00621 2200229 4500001002100000005001500021035002000036007000300056008004100059020002200100082001300122084001900135100003000154245003900184300002800223650002000251700002800271264002800299336002100327337002000348338002300368INLIS00000000000159920231016125825 a0010-1023000116ta231016 | ind  a978-602-0875-46-0 a297. 715 a297. 715 KAD p0 aKadar M. YuzufePengarang1 aPsikologi Qurani /cKadar M. Yuzuf axiv + 204 hlm. ;c23 cm 4aPsikologi Islam0 aAde SukantiePenyunting aJakarta :bAmzah,c2019 2rdacontentaTeks 2rdamediaaCetak 2rdacarrieraKertas